<?xml version="1.0" encoding="UTF-8"?>
<record
    xmlns:xsi="http://www.w3.org/2001/XMLSchema-instance"
    xsi:schemaLocation="http://www.loc.gov/MARC21/slim http://www.loc.gov/standards/marcxml/schema/MARC21slim.xsd"
    xmlns="http://www.loc.gov/MARC21/slim">

  <leader>01138cam a2200229 a 4500</leader>
  <controlfield tag="001">000003065</controlfield>
  <controlfield tag="003">DO-SdBNP</controlfield>
  <controlfield tag="005">20251028141623.0</controlfield>
  <controlfield tag="008">800605s1973    ve ao         001 0cspa d</controlfield>
  <datafield tag="040" ind1=" " ind2=" ">
    <subfield code="a">DO-SdBNP</subfield>
    <subfield code="c">DLC</subfield>
    <subfield code="d">DLC</subfield>
  </datafield>
  <datafield tag="082" ind1=" " ind2="4">
    <subfield code="a">920.087</subfield>
    <subfield code="b">C146m</subfield>
    <subfield code="2">22</subfield>
  </datafield>
  <datafield tag="100" ind1="1" ind2=" ">
    <subfield code="a">Caldera, Rafael,</subfield>
    <subfield code="d">1916-</subfield>
    <subfield code="9">9096</subfield>
  </datafield>
  <datafield tag="245" ind1="1" ind2="0">
    <subfield code="a">Moldes para la fragua /</subfield>
    <subfield code="c">Rafael Caldera.</subfield>
  </datafield>
  <datafield tag="260" ind1=" " ind2=" ">
    <subfield code="a">Caracas :</subfield>
    <subfield code="b">Seguros Horizonte,</subfield>
    <subfield code="c">1973.</subfield>
  </datafield>
  <datafield tag="300" ind1=" " ind2=" ">
    <subfield code="a">144 p. :</subfield>
    <subfield code="b">il. ;</subfield>
    <subfield code="c">24 cm.</subfield>
  </datafield>
  <datafield tag="505" ind1="0" ind2=" ">
    <subfield code="a">Bol&#xED;var, s&#xED;mbolo de un deber actual -- Andr&#xE9;s Bello, ciudadano de Am&#xE9;rica -- Manuel Vicente Maya, el testimonio discrepante -- Rafael Ar&#xE9;valo Gonz&#xE1;lez, el acento que no pudo silenciar la mordaza -- Jos&#xE9; Gregorio Hern&#xE1;ndez, la lecci&#xF3;n perenne -- Tulio Febres Cordero, un faro en la provincia -- Andr&#xE9;s Eloy Blanco, el amortiguador de la constituyente -- Dardo Regules, modelo de convivencia -- Aquel obrero que llamamos Cristo -- Jacques Maritain, fe en Dios y en el pueblo.</subfield>
  </datafield>
  <datafield tag="650" ind1=" " ind2="7">
    <subfield code="a"> Estadistas</subfield>
    <subfield code="z"> Venezuela </subfield>
    <subfield code="v"> Biograf&#xED;a.</subfield>
    <subfield code="9">88725</subfield>
  </datafield>
  <datafield tag="651" ind1=" " ind2="0">
    <subfield code="a">Venezuela </subfield>
    <subfield code="x">Biograf&#xED;a</subfield>
    <subfield code="9">26230</subfield>
  </datafield>
  <datafield tag="910" ind1=" " ind2=" ">
    <subfield code="a">Jornada de catalogaci&#xF3;n</subfield>
  </datafield>
  <datafield tag="910" ind1=" " ind2=" ">
    <subfield code="a">WM</subfield>
  </datafield>
  <datafield tag="942" ind1=" " ind2=" ">
    <subfield code="2">ddc</subfield>
    <subfield code="c">LBS1</subfield>
  </datafield>
  <datafield tag="952" ind1=" " ind2=" ">
    <subfield code="0">0</subfield>
    <subfield code="1">0</subfield>
    <subfield code="5">2</subfield>
    <subfield code="7">0</subfield>
    <subfield code="8">MO</subfield>
    <subfield code="a">GR</subfield>
    <subfield code="b">GR</subfield>
    <subfield code="c">HD</subfield>
    <subfield code="d">2009-07-06</subfield>
    <subfield code="i">LF1</subfield>
    <subfield code="l">0</subfield>
    <subfield code="o">920.087 C146m</subfield>
    <subfield code="p">3065-10</subfield>
    <subfield code="r">2020-06-25</subfield>
    <subfield code="w">2020-06-25</subfield>
    <subfield code="y">2</subfield>
    <subfield code="Z">Pr&#xE9;stamo interno</subfield>
  </datafield>
  <datafield tag="999" ind1=" " ind2=" ">
    <subfield code="c">2896</subfield>
    <subfield code="d">2896</subfield>
  </datafield>
</record>
